New concise webster's dictionary : a comprehensive guide to the English language for home, office, and school.

Zapisane w:
Opis bibliograficzny
Format: Książka
Wydane: Modern Publishing 1999
Etykiety: Dodaj etykietę
Nie ma etykietki, Dołącz pierwszą etykiete!
Thư viện lưu trữ: Mạng thư viện Đại học Đà Nẵng
LEADER 00554nam a2200205 a 4500
001 000030366
003 35048
005 20171030145630.0
008 171030s1999
040 |a LTT 
082 0 |a 423  |b Ne-C 
245 0 0 |a New concise webster's dictionary : a comprehensive guide to the English language for home, office, and school. 
260 |b Modern Publishing  |c 1999 
OWN |a LTT 
999 |a From the UDN01 
TYP |a Monograph 
TYP |a Printed language 
980 |a Mạng thư viện Đại học Đà Nẵng